000 00706nam a22002057a 4500
999 _c169115
_d169115
005 20191211110132.0
010 _aB-730844
020 _a9789353092252
_c45.00
035 _aB-730844
037 _adpl
_bPratham
082 _aS
100 _aKarthikeyan, Aparna
245 _aKali wants to dance /
_c by Aparna Karthikeyan ; illustrated by Somesh Kumar
260 _aBangaluru
_bPratham Books
_c2018
270 _a633-634,4th "C" Main,6th 'B' Cross, OMBR Layout Banaswadi,
_bBangalore
_e560043
_k911141042483 (New Delhi)
300 _a16p.
_bill.
_c22cm.(pbk)
700 _aSomesh Kumar
942 _2ddc
_cCH
_hS
_mKAR